[Event "Kimry Summer op"]
[Site "Kimry"]
[Date "2016.08.30"]
[Round "6"]
[White "Karpentsev, Mikhail"]
[Black "Mkrtchyan, Mikhail"]
[Result "0-1"]
[WhiteElo "1378"]
[BlackElo "1418"]
[PlyCount "58"]
[EventDate "2016.08.28"]
[EventType "swiss"]
[EventRounds "7"]
[EventCountry "RUS"]
[SourceTitle "CBM 174 Extra"]
[Source "ChessBase"]
[SourceDate "2016.10.10"]
[SourceVersion "1"]
[SourceVersionDate "2016.10.10"]
[SourceQuality "1"]

1. e4 e5 2. Nf3 Nc6 3. Bc4 Bc5 4. c3 Nf6 5. d4 exd4 6. cxd4 Bb4+ 7. Bd2 Bxd2+ 8. Nbxd2 d5 9. exd5 Nxd5 10. 0-0 0-0 11. Nb3 Be6 12. Ne5 Qd6 13. f4 Ne3 14. Qd3 Nxf1 15. Rxf1 Nxe5 16. fxe5 Bxc4 17. Qxc4 Qd7 18. Nc5 Qc6 19. Qb3 b6 20. Nd3 Qe4 21. Rf4 Qe3+ 22. Kf1 Rad8 23. Qc4 b5 24. Qc3 c5 25. d5 Rxd5 26. Rf3 Qg5 27. Nxc5 Rc8 28. Ne6 Qc1+ 29. Qxc1 Rxc1+ 0-1